书目信息 |
| 题名: |
惯性技术
|
|
| 作者: | 苏中 , 李擎 , 李旷振 编著 | |
| 分册: | ||
| 出版信息: | 北京 国防工业出版社 2010.12 |
|
| 页数: | 192页 | |
| 开本: | 26cm | |
| 丛书名: | ||
| 单 册: | ||
| 中图分类: | TN96 | |
| 科图分类: | ||
| 主题词: | 惯性导航--guan xing dao hang | |
| 电子资源: | ||
| ISBN: | 978-7-118-07280-8 | |
| 000 | 00985nam0 2200301 450 | |
| 001 | B20110028217 | |
| 005 | 20110709110554.50 | |
| 010 | @a978-7-118-07280-8@dCNY25.00 | |
| 100 | @a20110415d2010 km y0chiy50 ea | |
| 101 | 0 | @achi |
| 102 | @aCN@b110000 | |
| 105 | @aa a 000yy | |
| 106 | @ar | |
| 200 | 1 | @a惯性技术@Aguan xing ji shu@f苏中 ... [等]编著 |
| 210 | @a北京@c国防工业出版社@d2010.12 | |
| 215 | @a192页@c图@d26cm | |
| 304 | @a其他责任者还有:李擎、李旷振、杨宝利 | |
| 320 | @a有书目 (第192页) | |
| 330 | @a共分6章。分别介绍了惯性技术基础理论,力学陀螺、光学陀螺和加速度计等惯性敏感元件,惯性稳定器、稳定平台和惯性定向装置,平台式惯导 | |
| 333 | @a可供高等院校自动化及导航类专业师生以及惯性技术科技工作者使用。 | |
| 586 | @a | |
| 606 | 0 | @a惯性导航@Aguan xing dao hang |
| 690 | @aTN96@v5 | |
| 701 | 0 | @a苏中@Asu zhong@4编著 |
| 701 | 0 | @a李擎@Ali qing@4编著 |
| 701 | 0 | @a李旷振@Ali kuang zhen@4编著 |
| 801 | 0 | @aCN@c20110610 |
| 905 | @dTN96@eS859@f3 | |
| 惯性技术/苏中 ... [等]编著.-北京:国防工业出版社,2010.12 |
| 192页:图;26cm |
| 使用对象:可供高等院校自动化及导航类专业师生以及惯性技术科技工作者使用。 |
| ISBN 978-7-118-07280-8:CNY25.00 |
| 共分6章。分别介绍了惯性技术基础理论,力学陀螺、光学陀螺和加速度计等惯性敏感元件,惯性稳定器、稳定平台和惯性定向装置,平台式惯导 |
| ● |
| 相关链接 |
|
|
|
正题名:惯性技术
索取号:TN96/S859
 
预约/预借
| 序号 | 登录号 | 条形码 | 馆藏地/架位号 | 状态 | 备注 |
| 1 | 881837 | 208818378 | 自科库301/404自科库 16排5列2层/ [索取号:TN96/S859] | 在馆 | |
| 2 | 881838 | 208818387 | 自科库301/301自科库 101排1列2层/ [索取号:TN96/S859] | 在馆 | |
| 3 | 881839 | 208818396 | 自科库301/301自科库 101排1列2层/ [索取号:TN96/S859] | 在馆 |